24 bài học sống còn để đầu tư thành công trên thị trường chứng khoán

Sách tổng kết những phương pháp và kinh nghiệm đầu tư của tác giả, một nhà kinh doanh rất thành công tại Mỹ đồng thời đưa ra những nguyên tắc kinh doanh cổ phiếu.

সংরক্ষণ করুন:
গ্রন্থ-পঞ্জীর বিবরন
প্রধান লেখক: O'Neil, William J.
বিন্যাস: গ্রন্থ
ভাষা:Undetermined
প্রকাশিত: Hà Nội Lao động 2008
বিষয়গুলি:
ট্যাগগুলো: ট্যাগ যুক্ত করুন
কোনো ট্যাগ নেই, প্রথমজন হিসাবে ট্যাগ করুন!
Thư viện lưu trữ: Trung tâm Học liệu Trường Đại học Cần Thơ
LEADER 00925nam a2200205Ia 4500
001 CTU_133502
008 210402s9999 xx 000 0 und d
020 |c 44000 
082 |a 332.642 
082 |b O.58 
100 |a O'Neil, William J. 
245 0 |a 24 bài học sống còn để đầu tư thành công trên thị trường chứng khoán 
245 0 |c William J. O'Neil; Dương Thu Hiền dịch 
260 |a Hà Nội 
260 |b Lao động 
260 |c 2008 
520 |a Sách tổng kết những phương pháp và kinh nghiệm đầu tư của tác giả, một nhà kinh doanh rất thành công tại Mỹ đồng thời đưa ra những nguyên tắc kinh doanh cổ phiếu. 
650 |a Stock exchanges.,Thị trường chứng khoán 
904 |i Trọng Hải 
980 |a Trung tâm Học liệu Trường Đại học Cần Thơ